zpět

Detail výsledku týmu

Mama Shelter - Holešovice, Praha

Datum a čas kvízu

38 Celkem bodů Celkový počet nahraných bodů na tomto kvízu bez doplňovacích otázek.
5. Pořadí na kvízu Konečné umístění týmu na tomto kvízu.

Zaznamenané odpovědi

# Otázka Odpověď Body Výsledky
1. V českých médiích jsme se minu... Alpine Pro 1
2. Americký deník The New York Ti... C 0
3. V pondělí se opět konala benef... Heidi Klum 1
4. V Praze se minulý víkend uskut... psů 1
5. Po ukončení letošního ročníku... Dominik Frodl 1
6. Téma začneme jednou z nejoblíb... Matěj Kotrba 1
7. V roce 2023 jsme mohli v kinec... Oppenheimer 1
8. Který herec si zahrál Hektóra,... Eric Bana 0
9. Půl bodu obdržíte za název fil... Amadeus; Miloš Forman 1
10. Který režisér je podepsán pod... C 1